[Event "10th KiiT Festival 2017"]
[Site "Bhubaneshwar"]
[Date "2017.05.30"]
[Round "7"]
[White "Babujian, Levon"]
[Black "Nitin Shankar Madhu"]
[Result "0-1"]
[WhiteElo "2438"]
[BlackElo "1709"]
[Annotator "TA"]
[PlyCount "72"]
[EventDate "2017.05.26"]
[EventType "swiss"]
[EventCountry "IND"]
[SourceTitle "playchess.com"]
[Source "ChessBase"]
[SourceQuality "1"]

{[%evp 20,72,12,-9,4,-18,-14,-16,-9,-45,-51,-166,-170,-184,-198,-197,-159,-256,-237,-243,-260,-338,-327,-458,-456,-497,-498,-495,-482,-508,-490,-491,-493,-477,-498,-483,-456,-454,-450,-438,-428,-1102,-866,-960,-958,-927,-911,-880,-693,-1041,-1027,-851,-609,-5281,-1741]} 1. e4 c5 2. Nf3 d6 3. d4 cxd4 4. Nxd4 Nf6 5. Nc3 a6 6. Bc4 e6 7. Bb3 Nbd7 8. O-O Nc5 9. Qf3 Be7 10. Re1 O-O {B86: Sicilian Scheveningen/Najdorf: 6 Bc4, without early ...b5} 11. Bg5 {LiveBook: 8 Games} Qa5 (11... h6 12. Bh4 Nd5 13. Bxe7 Nxe7 14. Rad1 b5 15. e5 d5 16. Nce2 f6 17. exf6 Rxf6 {½-½ (41) Aravindh,C (2564)-Nakamura,H (2787) Douglas 2016}) 12. h4 h6 {The position is equal.} 13. Bd2 Qc7 14. Qg3 $146 ({Predecessor:} 14. g4 Nfd7 15. g5 Ne5 16. Qe2 Nxb3 17. axb3 hxg5 18. hxg5 {1-0 (37) Nemec,P (2245)-Dobes,L Czechoslovakia 1991}) 14... Kh8 15. f4 {[#]} (15. a3 $15) 15... b5 $1 $19 {[%cal Bb7b5,Bb5b4][%mdl 32]} 16. e5 dxe5 17. fxe5 {[#]} b4 $1 {[%cal Rb4c3]} 18. Nb1 (18. Re3 $17 bxc3 19. exf6 Qxg3 20. Rxg3 Bxf6 21. Bxc3) 18... Nfe4 19. Qf4 Bb7 20. Be3 f6 21. Nf3 (21. exf6 $142 Qxf4 22. Bxf4 Bxf6 23. Be3) 21... fxe5 {Black is clearly winning.} 22. Qh2 Nxb3 23. cxb3 Bc5 24. Nbd2 Nxd2 25. Nxd2 Bxe3+ 26. Rxe3 Qc2 $1 {[%csl LRb2,LRd2]} 27. Nc4 Rf2 {[%cal Rf2g2]} 28. Rg3 {intending Rxg7!} Raf8 29. Qh3 R8f4 30. Nxe5 (30. Ne3 $142 Qc8 31. Kh2) 30... Be4 31. Re1 Bf5 32. Ng6+ Bxg6 33. Qxe6 Rf6 34. Qe7 R2f4 35. Qa7 Re4 36. Ra1 Rxh4 {Precision: White = 24%, Black = 82%.} (36... Qxb2 $142 37. Rd1 Qe5) 0-1

[Event "10th KiiT Festival 2017"]
[Site "Bhubaneshwar"]
[Date "2017.05.30"]
[Round "7"]
[White "Khusenkhojaev, Muhammad"]
[Black "Kaustuv, Kundu"]
[Result "1-0"]
[WhiteElo "2433"]
[BlackElo "2274"]
[Annotator "TA"]
[PlyCount "60"]
[EventDate "2017.05.26"]
[EventType "swiss"]
[EventCountry "IND"]
[SourceTitle "playchess.com"]
[Source "ChessBase"]
[SourceQuality "1"]

{[%evp 14,60,52,36,25,38,47,53,66,45,61,78,58,59,81,75,80,85,83,90,133,87,136,116,120,87,137,105,164,112,105,111,106,99,144,107,153,96,91,65,72,53,79,29,55,40,78,57,79]} 1. Nf3 Nf6 2. c4 g6 3. g3 Bg7 4. Bg2 O-O 5. O-O d6 6. d4 Nc6 7. Nc3 a6 8. Bf4 Rb8 {E63: King's Indian: Fianchetto: Panno Variation with 7...a6} 9. Rc1 h6 (9... Bd7 10. Qd2 b5 11. Nd5 bxc4 12. Nxf6+ Bxf6 13. Rxc4 e5 14. dxe5 Nxe5 15. Nxe5 dxe5 {1-0 (47) Svidler,P (2727)-Jones,G (2623) Berlin 2015}) 10. h3 Na5 11. Nd5 b5 $146 ({Predecessor:} 11... Nh5 12. Bd2 Nc6 13. g4 Nf6 14. Nxf6+ exf6 15. d5 Ne5 16. Nd4 {½-½ (84) Sriram,J (2430)-Preotu,R (2468) Manchester 2016}) 12. Nxf6+ exf6 13. cxb5 axb5 14. b3 g5 15. Bd2 c6 16. Ne1 Bd7 17. Nd3 Qb6 18. e3 Rfc8 19. Nb4 f5 20. Qf3 Qa7 (20... Ra8 $16) 21. Bc3 (21. h4 $18) 21... d5 $16 22. Rc2 Nb7 {[%cal Ba5b7,Bb7d6,Bd6e4][%mdl 32]} 23. Rfc1 Nd6 24. Be1 {[%cal Rb4c6]} Qb6 {[#]} 25. Nd3 ({Better is} 25. h4 $1) 25... Ne4 26. Bb4 Ra8 27. Qd1 Qb8 28. Be1 Re8 29. Nb4 f4 30. gxf4 gxf4 {Precision: White = 53%, Black = 49%.} 1-0

[Event "10th KiiT Festival 2017"]
[Site "Bhubaneshwar"]
[Date "2017.05.30"]
[Round "7"]
[White "Raghunandan, Kaumandur Srihari"]
[Black "Doshi, Moksh Amitbhai"]
[Result "1-0"]
[WhiteElo "2410"]
[BlackElo "2188"]
[Annotator "TA"]
[PlyCount "120"]
[EventDate "2017.05.26"]
[EventType "swiss"]
[EventCountry "IND"]
[SourceTitle "playchess.com"]
[Source "ChessBase"]
[SourceQuality "1"]

{[%evp 12,120,38,26,51,63,80,83,112,120,144,113,126,120,110,118,91,101,100,98,91,97,98,91,91,91,104,81,77,21,23,10,17,0,0,-5,-2,-6,0,0,0,0,0,0,0,0,0,0,0,0,0,0,0,0,0,0,0,0,0,0,0,0,0,0,0,0,0,0,0,0,56,43,56,60,229,232,221,231,231,212,210,206,287,306,362,354,343,306,264,338,351,345,313,300,273,260,427,415,422,418,406,389,1446,1371,1205,1333,1147,1137,1050,1033,623]} 1. d4 Nf6 2. Nf3 e6 3. c4 d5 4. Bg5 Bb4+ 5. Nc3 dxc4 6. e3 {D39: Queen's Gambit Declined: Ragozin Defence with 5 Bg5 dxc4} (6. e4 c5 7. Bxc4 cxd4 8. Nxd4 Bxc3+ 9. bxc3 Qa5 10. Bb5+ Nbd7 11. Bxf6 Qxc3+ 12. Kf1 gxf6 13. h4 Qb4 14. Rh3 a6 15. Be2 Ne5 16. Rb1 Qd6 17. Rc3 O-O 18. h5 Rd8 19. Qb3 Bd7 20. Rd1 Qf8 21. Rc7 {½-½ (41) Giri,A (2769)-Harikrishna,P (2758) Shenzhen 2017}) 6... c5 7. Bxc4 {LiveBook: 3 Games} Nbd7 8. O-O {White is slightly better.} Bxc3 $146 ({Predecessor:} 8... Qa5 9. Nb5 cxd4 10. Qxd4 O-O 11. Bf4 Bc5 12. Qd3 Ne8 13. e4 a6 {1-0 (40) Akdag,D (1958)-Tudvad,M Copenhagen 2006}) 9. bxc3 Qc7 10. Bf4 Qc6 11. a4 a6 12. Ne5 Nxe5 13. Bxe5 Nd7 14. Bg3 cxd4 15. Qxd4 O-O 16. Be2 e5 17. Bxe5 Nxe5 18. Qxe5 Re8 19. Qd4 (19. Qa5 {is more complex.} b6 20. Qb4 a5 21. Qb2 Bb7 22. Bf3) 19... Bf5 20. Bf3 ({White should try} 20. Rfd1 $16) 20... Be4 $11 21. Bxe4 Rxe4 22. Qd2 Rxa4 23. Rxa4 Qxa4 {[%mdl 4096] Endgame KQR-KQR} 24. Qd5 Qc6 25. Qxc6 bxc6 {KR-KR} 26. Ra1 Kf8 27. Ra5 Ke7 28. Kf1 Kd6 29. Ke2 Kc7 30. Kd3 Kb6 31. Rf5 Ra7 32. Kc4 a5 {[#] ...a4 is the strong threat.} 33. Kb3 g6 34. Rf6 Rd7 35. g4 Kb5 36. Rf4 h6 37. h3 {[%cal Bh2h3,Bh3h4,Bh4h5][%mdl 32]} Kc5 38. Rc4+ Kb5 39. Rf4 Ra7 40. h4 a4+ (40... Re7 $11) 41. Ka3 $14 c5 42. h5 g5 $2 ({Black should play} 42... Re7 $14) 43. c4+ $18 Ka5 {[#]} 44. Rf5 $1 Rc7 45. Re5 ({Not} 45. Rf6 Rd7 $14) 45... Rc6 46. Rd5 f6 47. Rd8 Re6 48. Ra8+ Kb6 {intending ...Re4.} 49. Kxa4 Re4 50. Kb3 Rxg4 51. Rf8 Rg2 52. Rxf6+ Kc7 53. Kc3 Rh2 $2 (53... g4 54. Rf5 (54. Rxh6 Rxf2 55. Rg6 Rh2 $16) 54... Kd6) 54. Rxh6 Rxf2 55. Rg6 Rg2 56. h6 g4 $2 (56... Rh2 57. Rxg5 Rxh6 58. Rxc5+ Kd6 59. Rd5+ Kc6) 57. Kd3 {White is clearly winning.} Rh2 58. Ke4 g3 59. Kf3 g2 60. Kf2 Kd7 {Precision: White = 83%, Black = 61%.} 1-0

[Event "10th KiiT Festival 2017"]
[Site "Bhubaneshwar"]
[Date "2017.05.30"]
[Round "7"]
[White "Sidhant, Mohapatra"]
[Black "Tukhaev, Adam"]
[Result "1/2-1/2"]
[WhiteElo "2393"]
[BlackElo "2557"]
[Annotator "TA"]
[PlyCount "195"]
[EventDate "2017.05.26"]
[EventType "swiss"]
[EventCountry "IND"]
[SourceTitle "playchess.com"]
[Source "ChessBase"]
[SourceQuality "1"]

{[%evp 20,195,57,40,68,34,22,31,36,55,75,58,56,26,80,0,0,0,0,0,10,0,9,0,0,-43,0,0,24,27,27,27,27,22,18,14,18,18,16,21,16,15,21,19,23,22,45,12,10,0,45,40,80,74,109,113,122,112,117,112,132,122,122,122,145,196,430,423,390,124,256,124,124,124,189,189,189,189,189,189,189,189,423,367,300,124,124,124,124,124,124,124,124,122,124,122,124,124,124,124,131,122,122,122,189,122,189,189,189,189,189,122,122,0,0,0,189,0,29946,29948,29947,189,189,189,189,0,0,0,189,189,29956,29959,29961,29961,29961,29961,29963,29966,29971,29971,29971,29949,576,8,8,8,8,8,71,0,0,0,29966,0,0,0,0,0,0,0,0,0,0,0,0,0,0,0,0,0,0,0,0,0,0,0,8,0]} 1. e4 c5 2. Nf3 e6 3. d4 cxd4 4. Nxd4 Nc6 5. Nc3 d6 6. Be3 Nf6 7. Be2 Be7 8. Qd2 O-O 9. O-O-O a6 10. f4 Nxd4 {B84: Sicilian Scheveningen: 6 Be2 a6, lines without early Be3} (10... Qc7 11. g4 Nxd4 12. Qxd4 e5 13. Qd3 exf4 14. Bxf4 Bxg4 15. Bxg4 Nxg4 16. Nd5 Qd8 17. Rhg1 Ne5 18. Bxe5 dxe5 19. Qg3 g6 20. Qxe5 {½-½ (33) Ivanchuk,V (2733)-Van Wely,L (2685) Novi Sad 2016}) 11. Qxd4 {LiveBook: 14 Games} b5 12. g4 {[%cal Bg2g4,Bg4g5][%mdl 32]} Bb7 {White is slightly better.} 13. g5 Nd7 14. h4 Rc8 $146 ({Predecessor:} 14... e5 15. Qd2 exf4 16. Bxf4 Ne5 17. Nd5 Bxd5 18. Qxd5 {0-1 (27) Karisik,N (2057)-Cetkovic,M (2247) Obrenovac 2011}) 15. h5 e5 16. fxe5 $1 Bxg5 17. Rhg1 (17. exd6 $16 {aiming for h6!} b4 18. h6) 17... Bxe3+ $11 18. Qxe3 {Qh6 would kill now.} Nxe5 19. Qh6 {[%csl Gg1][%cal Rh6g7]} Ng6 20. Qe3 Ne5 $132 {[%mdl 2048] Black is not keeping still} 21. Qh6 {[%csl Gg1][%cal Rh6g7]} (21. Qg3 $5 {[%cal Rg3g7]} g6 22. a3 $15) 21... g6 22. Bg4 ({Much weaker is} 22. hxg6 fxg6 23. Bg4 Nxg4 $17) 22... Nxg4 23. Rxg4 {[%cal Rh5g6]} Qf6 24. hxg6 fxg6 25. Rdg1 $1 {[%cal Rg4g6]} Kh8 $1 ({Don't blunder} 25... Qg7 $2 26. Rxg6 $1 {[%mdl 512]} hxg6 27. Rxg6 $18) 26. Rxg6 {Intending Rg8+! and mate.} Qf4+ 27. Qxf4 Rxf4 28. Rxd6 b4 29. Rb6 bxc3 30. Rxb7 cxb2+ 31. Kxb2 {[%mdl 4096] Endgame KRR-KRR} Rf2 32. Rc1 Re2 33. Kb3 Re3+ 34. Kb2 Re2 35. Re7 h5 36. Re5 Kg7 37. Rxh5 Rxe4 38. Rg1+ Kf6 39. Rh6+ Ke5 40. Rg5+ Kf4 41. Rh4+ Kxg5 42. Rxe4 $16 {KR-KR} Kf5 $2 (42... Rb8+ 43. Kc3 Kf5) 43. Re2 $1 $18 Rb8+ 44. Kc3 $2 (44. Ka3 $1 $18 Rc8 45. Kb4) 44... Kf4 (44... a5 $16 45. a3 a4) 45. Re6 (45. a4 $18 {is more deadly.}) 45... Rc8+ 46. Kd2 Kf5 (46... Rd8+ $16 47. Kc3 a5) 47. Rxa6 Ke5 48. Ra3 $1 Rb8 49. Rd3 Ra8 50. a3 Ke4 $2 (50... Ke6 {was called for.} 51. Kc1 Rb8) 51. Kc1 $1 {[%cal Rc1b2]} Rb8 52. Rb3 (52. a4 $1 $18 {is the precise move to win.}) 52... Ra8 $16 53. Rb4+ Kd5 54. Kb2 Kc6 55. Kb3 Rh8 56. Rg4 Rh1 57. Kc4 Ra1 58. Rg6+ Kb7 59. Kb4 Rh1 60. c4 Rh5 61. a4 {[%cal Ba3a4,Ba4a5][%mdl 32]} Rf5 (61... Rh2 $16 62. Rf6 Rg2) 62. Rh6 (62. a5 $18) 62... Rg5 (62... Rf2 $16 {keeps fighting.} 63. a5 Ra2) 63. a5 $18 Rg1 64. Rb6+ Kc7 65. Kb5 (65. Rf6 $18) 65... Rb1+ $16 66. Ka6 (66. Kc5 $16 Ra1 67. Kb5) 66... Rc1 $11 67. Rb4 Ra1 $2 (67... Kc6 $1 $11 {and Black stays safe.}) 68. Rb5 $2 ({White must play} 68. Kb5 $1 $18 Kb7 69. c5) 68... Ra4 $2 {[%mdl 8192]} (68... Kc6 $11) 69. Rc5+ Kb8 {[#]} 70. Rc6 $2 (70. Kb5 $1 Ra3 71. Kb6 Re3 72. a6 Re7 73. Rb5 Re6+ 74. Ka5+ Ka7 75. Rb7+ Ka8 76. Rd7) 70... Ra1 71. Rh6 Kc7 72. Rh5 $2 (72. Kb5 $18) 72... Kc6 73. Rh6+ $2 (73. Re5 $11 Rb1 74. Ka7) 73... Kc7 $1 $18 74. Kb5 Rb1+ $2 (74... Rc1 $18 75. a6 Rb1+ 76. Kc5 Ra1 77. Rh7+ Kb8) 75. Kc5 Ra1 76. Rh7+ Kb8 77. Kc6 Rb1 78. c5 Ra1 79. Rb7+ Ka8 80. Rb5 Ka7 81. Kc7 $2 ({Better is} 81. Rb3 $18 Rf1 82. Rd3) 81... Rh1 $11 82. Rb6 Rh7+ 83. Kc6 {Hoping for Kb5.} Rh1 (83... Rh2 $11 {remains equal.}) 84. Rb2 (84. Kd5 $16) 84... Ka6 85. Rd2 Rh6+ $2 {[%mdl 8192] [#]} (85... Rh5 $11) 86. Rd6 $2 (86. Kc7 $1 {mates} Rh7+ 87. Rd7 Rh4 88. c6 Rh6 89. Rd6 Rh8 90. Kd7 Rh7+ 91. Kc8) 86... Rh7 {The position is equal.} 87. Rd7 Rh6+ 88. Kc7 {Threatening mate with Rd6+.} Kb5 89. Kb7 Kxc5 90. a6 Rb6+ 91. Ka7 Rb1 92. Rb7 Ra1 93. Rh7 {Kb7 is the strong threat.} Kc6 94. Rh2 Rb1 95. Rc2+ Kd7 96. Ka8 Rb3 97. Rh2 {Threatens to win with Rc2.} Kc8 98. Rc2+ {Precision: White = 47%, Black = 50%.} 1/2-1/2

[Event "10th KiiT Festival 2017"]
[Site "Bhubaneshwar"]
[Date "2017.05.30"]
[Round "7"]
[White "Krishna C R G"]
[Black "Aditya Mittal"]
[Result "1-0"]
[WhiteElo "2392"]
[BlackElo "2211"]
[Annotator "TA"]
[PlyCount "99"]
[EventDate "2017.05.26"]
[EventType "swiss"]
[EventCountry "IND"]
[SourceTitle "playchess.com"]
[Source "ChessBase"]
[SourceQuality "1"]

{[%evp 9,99,-6,-8,-16,-12,-14,-14,-28,17,13,2,0,8,-1,51,58,71,66,60,60,68,47,57,57,41,42,89,88,96,83,187,182,202,201,200,200,196,197,203,203,200,200,269,250,270,261,321,300,326,327,407,403,425,416,697,701,687,542,500,0,682,685,685,669,623,609,625,599,731,731,731,714,707,689,761,745,2818,1867,1619,1631,1126,851,1462,1439,1152,1059,29971,29976,29980,29981,29980,29974]} 1. Nf3 d5 2. g3 Nf6 3. Bg2 e6 4. b3 c5 5. c4 d4 6. e3 {A13: English Opening: 1...e6} Nc6 7. exd4 cxd4 8. O-O {The position is equal.} Bc5 (8... Bd6 9. d3 O-O 10. a3 a5 11. Re1 e5 12. Nbd2 h6 13. c5 Bxc5 14. Nxe5 Nxe5 15. Rxe5 Bd6 16. Rb5 Bg4 17. Bf3 {½-½ (36) Iturrizaga Bonelli,E (2652)-Cornette,M (2597) London 2016}) 9. d3 O-O 10. Re1 h6 11. Na3 $146 ({Predecessor:} 11. a3 a5 12. Nbd2 Qc7 {0-1 (39) Wolski,T (2300)-Bhat,V (2235) San Francisco 1997}) 11... e5 (11... Bb4 $11) 12. Nxe5 $14 Nxe5 13. Rxe5 Qd6 14. Rxc5 $1 Qxc5 15. Nb5 {And now Ba3 would win.} Bg4 16. Qd2 {[%mdl 1024] White has compensation.} Rfe8 $1 17. Ba3 Qb6 18. h3 $36 {[%mdl 2048] White is really pushing.} Bd7 19. Nd6 Bc6 (19... Re5 $16 {was necessary.}) 20. Nxe8 $18 Rxe8 21. Re1 Rxe1+ 22. Qxe1 Bxg2 23. Kxg2 Qc6+ 24. Kg1 Qf3 25. Qd2 Nh5 26. Bd6 f5 27. Kh2 Kh7 28. Be5 f4 {[#]} 29. g4 $1 {[%cal Rg4h5]} ({Weaker is} 29. gxf4 Kg6 $16) 29... Nf6 30. Qxf4 Qxd3 31. Bxd4 Qe2 (31... Ng8 $142 32. Bxa7 Ne7) 32. Qf5+ Kg8 33. Qc8+ Kh7 34. Qf5+ Kg8 35. Bxf6 gxf6 {[%mdl 4096] Endgame KQ-KQ} 36. Qc8+ Kg7 37. Qxb7+ Kg6 38. Kg3 Qf1 39. h4 {[%cal Bh3h4,Bh4h5][%mdl 32] [#] h5+ would kill now.} Qg1+ 40. Qg2 Qe1 41. h5+ Kg7 42. Qb7+ Kg8 43. Qa8+ Kg7 44. Qxa7+ Kg8 45. Qa8+ Kg7 46. Kg2 Qe2 47. Qf3 Qxa2 48. c5 {[%cal Bc4c5,Bc5c6][%mdl 32] White mates.} Qc2 49. c6 Qc5 50. Qe4 {Precision: White = 91%, Black = 28%.} 1-0

[Event "10th KiiT Festival 2017"]
[Site "Bhubaneshwar"]
[Date "2017.05.30"]
[Round "7"]
[White "Padmini, Rout"]
[Black "Thanki, Hemal Karsanji"]
[Result "1/2-1/2"]
[WhiteElo "2380"]
[BlackElo "2182"]
[Annotator "TA"]
[PlyCount "52"]
[EventDate "2017.05.26"]
[EventType "swiss"]
[EventCountry "IND"]
[SourceTitle "playchess.com"]
[Source "ChessBase"]
[SourceQuality "1"]

{[%evp 17,52,19,21,-2,11,11,25,21,73,56,73,37,47,44,60,0,0,0,0,0,22,0,0,0,18,0,0,0,17,12,27,-6,-9,-7,-16,-16,0]} 1. c4 g6 2. Nf3 Bg7 3. d4 c5 4. d5 d6 5. g3 Nf6 6. Bg2 O-O 7. O-O Na6 8. Nc3 Nc7 9. Nd2 Rb8 10. Qc2 {E64: King's Indian: Fianchetto: 6...c5 7 d5} (10. a4 e6 11. h3 Re8 12. Re1 b6 13. e4 a6 14. Nf3 e5 15. Rb1 a5 16. Bg5 Ba6 17. b3 h6 18. Be3 {½-½ (53) Kunte,A (2554)-Shyam,S (2312) Nagpur 2008}) 10... Bd7 $146 ({Predecessor:} 10... b5 11. cxb5 Nxb5 12. Nxb5 Rxb5 13. Nc4 Rb8 14. Rd1 Ba6 15. Rb1 Nd7 16. b3 Bxc4 17. Qxc4 Qa5 18. Qc2 Qc3 19. Qe4 Qe5 20. Qc2 Qc3 {½-½ (20) Stahlberg,G-Matanovic,A Beverwijk 1957}) 11. b3 b5 {[#] ...b4 is the strong threat.} 12. Bb2 {White has an edge.} Bf5 (12... h5 $11 {remains equal.}) 13. e4 $16 Bd7 14. cxb5 Nxb5 15. Nxb5 Bxb5 16. Nc4 (16. Rfe1 $14) 16... Bxc4 $11 17. Qxc4 Rb4 18. Qc2 Ne8 19. a3 (19. Ba3 $5 {[%cal Ra3b4]}) 19... Rb7 20. Bxg7 Kxg7 21. b4 cxb4 22. axb4 Qb8 23. Rfb1 Nf6 24. b5 Rxb5 {The position is equal.} 25. Rxb5 Qxb5 26. Rxa7 Rb8 {Precision: White = 42%, Black = 40%.} 1/2-1/2

[Event "10th KiiT Festival 2017"]
[Site "Bhubaneshwar"]
[Date "2017.05.30"]
[Round "7"]
[White "Ravi, Teja S"]
[Black "Nguyen, Duc Hoa"]
[Result "0-1"]
[WhiteElo "2369"]
[BlackElo "2481"]
[Annotator "TA"]
[PlyCount "104"]
[EventDate "2017.05.26"]
[EventType "swiss"]
[EventCountry "IND"]
[SourceTitle "playchess.com"]
[Source "ChessBase"]
[SourceQuality "1"]

{[%evp 10,104,8,-1,0,0,8,16,27,14,41,43,64,65,42,57,68,67,78,38,71,87,95,98,90,71,98,78,147,90,140,145,201,183,193,190,268,115,133,0,263,150,154,150,138,83,82,64,61,0,0,0,0,0,0,0,-5,-7,-13,-176,-173,-158,-104,-97,-108,-118,-87,-86,8,20,27,22,56,49,61,32,59,56,70,65,50,-297,-297,-349,0,-87,0,-106,-1,-495,-495,-495,-495,-1129,-614,-5081,-5065]} 1. d4 d5 2. c4 e6 3. Nc3 c6 4. cxd5 exd5 5. Bf4 Bd6 6. Bg3 Bf5 {D31: Queen's Gambit Declined: Semi-Slav without ...Nf6 (+ Marshall Gambit and Noteboom) and Exchange Variation lines without ...Nf6} (6... Ne7 7. e3 Nf5 8. Bxd6 Nxd6 9. Bd3 Bf5 10. Bxf5 Nxf5 11. Qg4 g6 12. e4 dxe4 13. Qxe4+ Ne7 14. h4 O-O {½-½ (43) Andreikin,D (2736)-Harikrishna,P (2766) Wijk aan Zee 2017}) 7. e3 Bxg3 8. hxg3 {[%cal Bh2g3,Bg3g4,Bg4g5][%mdl 32]} Qb6 {The position is equal.} 9. Qd2 Nf6 10. f3 h6 $146 ({Predecessor:} 10... Nbd7 11. g4 Bg6 12. Nge2 O-O-O 13. Nf4 Rhe8 14. Kf2 {0-1 (66) David,P (2407)-Cifka,S (2406) Czechia 2008}) 11. g4 Bh7 12. Nh3 Nbd7 13. g5 Ng8 14. Rc1 Nf8 15. Nf4 {And now gxh6 would win.} Ne6 16. Na4 {[%cal Bc3a4,Ba4c5,Bc5b7,Bb7d6][%mdl 32]} Qc7 17. Nxe6 fxe6 18. Nc5 Qe7 (18... Kf7 $142) 19. Rc3 (19. Kf2 $142) 19... Qxg5 20. Nxb7 (20. Nxe6 $6 Qe7 $14) 20... Nf6 (20... Ne7 $16) 21. Nd6+ $18 (21. Rxc6 $6 O-O $16) 21... Ke7 22. Rxc6 {Black must now prevent Qb4.} Qg3+ (22... Rhb8 $142 23. g4 Qg6) 23. Qf2 (23. Ke2 $1 $18 {is the precise move to win.} Rhb8 24. Rh3) 23... Qg6 $16 {Hoping for ...Qb1+.} 24. Qd2 (24. Be2 $16) 24... Qg3+ $1 $18 25. Kd1 ({White must play} 25. Ke2 $1 $18 Rhb8 26. Rh3) 25... Rhb8 $16 26. Qa5 Kf8 27. Qc7 (27. Nc8 $142 $1 {Threatening mate with Qd8+.} Ne8 28. Qc5+ (28. Nxa7 Qf2 $19) 28... Kg8 29. b3) 27... Qg6 28. b3 Kg8 29. Qe7 (29. Kd2 $14) 29... Ne8 $11 30. Nb5 Qb1+ $1 31. Rc1 Qxa2 32. Qxe6+ Kh8 33. Qxd5 Nf6 (33... Bg8 $6 34. Qe5 $16) 34. Qc6 $2 (34. Qc4 $1 $11) 34... Qxb3+ $19 35. Kd2 Qb2+ (35... Nd5 $142 36. e4 Qb4+ 37. Kd1 Ne3+ 38. Ke2 Nxf1 39. Rhxf1 Qxb5+ 40. Qxb5 Rxb5) 36. Ke1 Re8 37. Rc3 Rab8 {[#] ...Rb6 is the strong threat.} 38. Rxh6 $1 {[%mdl 512]} Rb6 $40 {[%mdl 128] [#] Black mounts an attack.} (38... Qa1+ $17 39. Rc1 Qa5+ 40. Rc3 (40. Nc3 $2 Qg5 $19) 40... Rb6 41. Rxf6 Rxc6 42. Rfxc6 a6) (38... gxh6 39. Qxf6+) 39. Rxf6 $1 $11 Rxc6 (39... gxf6 40. Qxe8+) 40. Rfxc6 Bg8 41. Be2 a5 42. Kf2 a4 43. Rc1 (43. Rc2 $5 {[%cal Rc2b2]} Qb1 44. Bd3 $14) 43... Bb3 44. Nd6 Rf8 $1 45. Nc8 $2 {[%mdl 8192]} (45. Rh1+ $14 Kg8 46. Rc5) 45... Rf6 $19 46. Rh1+ {[#]} Kg8 $2 (46... Rh6 $1 $19 {[%cal Rh6h1][%mdl 512]} 47. Rhxh6+ (47. Rcxh6+ $2 gxh6 48. Ne7 a3 $19) 47... gxh6) 47. Nd6 {[#]} (47. Ne7+ $11 {keeps the balance.} Kf8 48. Rc7 (48. Ng6+ Rxg6 49. Rxg6 Bc4 $11)) 47... a3 (47... Rh6 $1 $17 {[%cal Rh6h1]} 48. Rxh6 gxh6 49. Rc8+ Kg7 50. Nf5+ Kh7 51. Rc7+ Kh8 52. Rc8+ Kh7 53. Rc7+ Kh8 54. Rc8+ Kh7) 48. Rc8+ $11 Rf8 {Strongly threatening ...Rxc8.} 49. Rh8+ $2 {[%mdl 8192]} (49. Rc5 $1 $11 Rd8 50. Nf5) 49... Kxh8 $19 {Black is clearly winning.} 50. Rxf8+ Kh7 51. Ke1 (51. Ra8 $142) 51... a2 52. Bd3+ g6 {Precision: White = 39%, Black = 52%.} 0-1

[Event "10th KiiT Festival 2017"]
[Site "Bhubaneshwar"]
[Date "2017.05.30"]
[Round "7"]
[White "Navalgund, Niranjan"]
[Black "Reefat, Bin-Sattar"]
[Result "1-0"]
[WhiteElo "2351"]
[BlackElo "2437"]
[Annotator "TA"]
[PlyCount "79"]
[EventDate "2017.05.26"]
[EventType "swiss"]
[EventCountry "IND"]
[SourceTitle "playchess.com"]
[Source "ChessBase"]
[SourceQuality "1"]

{[%evp 9,79,0,25,22,28,19,30,16,21,13,30,20,46,0,19,0,0,-5,3,-13,0,-10,22,29,23,31,26,25,33,40,56,50,41,12,10,0,27,20,38,20,75,62,72,75,65,49,66,68,69,43,60,55,110,111,124,127,132,118,186,168,175,166,164,100,156,0,169,158,534,535,507,504]} 1. d4 e6 2. c4 d5 3. Nf3 Nf6 4. g3 Bb4+ 5. Bd2 Bd6 (5... Be7 6. Bg2 O-O 7. O-O Nbd7 8. Qc2 c6 9. Rd1 b6 10. b3 a5 11. Bc3 Ne4 12. Ne5 Nxe5 13. Bxe4 f5 14. Bxd5 exd5 15. dxe5 f4 16. cxd5 cxd5 17. Bd4 Ba6 18. Qc6 Bxe2 {½-½ (28) Ding,L (2773)-Giri,A (2785) Moscow 2017}) 6. Bg2 {E01: Catalan: Early deviations} O-O 7. O-O c6 8. Qc2 {White has an edge.} Nbd7 9. Bg5 h6 10. Bxf6 Qxf6 11. Nc3 Qd8 12. e4 {[%cal Re4d5]} dxc4 $146 ({Predecessor:} 12... dxe4 13. Nxe4 Be7 14. Rad1 Qc7 15. Rfe1 b6 16. c5 Bb7 {1-0 (32) Harestad,H (2265)-Nabuurs,M (2250) Eilat 2012}) 13. e5 Be7 14. Nd2 Nb6 {[%cal Bd7b6,Bb6d5,Bd5b4][%mdl 32]} 15. Ne2 a5 16. Nxc4 Nd5 17. Nc3 Nb4 18. Qd2 b5 19. Ne3 Qb6 20. a3 Nd5 $1 21. Ncxd5 ({Much weaker is} 21. Bxd5 cxd5 22. Ne2 Ba6 $15) 21... cxd5 22. f4 f5 23. exf6 Bxf6 24. Rad1 Bb7 (24... b4 $11) 25. Ng4 $16 b4 26. Nxf6+ Rxf6 27. axb4 axb4 28. Ra1 Rc8 29. Rfc1 Rff8 30. Qe3 Rfe8 (30... Rxc1+ $14 31. Rxc1 Rc8) 31. Rc5 Rxc5 32. dxc5 Qb5 33. h4 $36 {[%mdl 2048] White is really pushing.} Kh8 {[#]} (33... Re7 $16 34. Ra7 Rf7) 34. Bf1 $1 $18 {[%cal Rf1b5]} Qc6 {[#] Hoping for ...d4!} 35. Qd4 $1 Rc8 36. Rc1 ({Wrong is} 36. Qxb4 $2 d4 $19) ({White should play} 36. Ra7 $18 Rc7 37. b3) 36... Rb8 (36... b3 $142) 37. Ra1 Rc8 $1 38. Ra7 ({Not} 38. Qxb4 $2 d4 $19) 38... b3 $2 (38... Rc7 $16 39. b3 Kg8) 39. Qb4 Rb8 {[#] Black wants to play ...d4.} 40. Ba6 $1 {[%mdl 512] Precision: White = 64%, Black = 27%.} 1-0